书目信息 |
| 题名: |
钳工基本操作
|
|
| 作者: | 杨宝福 编 | |
| 分册: | 七 测量 | |
| 出版信息: | 北京 内蒙古人民出版社 1975 |
|
| 页数: | 90页 | |
| 开本: | 19cm | |
| 丛书名: | ||
| 单 册: | ||
| 中图分类: | TG93 | |
| 科图分类: | ||
| 主题词: | 钳工--工艺--方法 | |
| 电子资源: | ||
| ISBN: | ||
| 000 | 00595nam0 2200229 45 | |
| 001 | 0175002147 | |
| 005 | 20060926081900.64 | |
| 010 | @dCNY0.23 | |
| 091 | @a15089.16 | |
| 100 | @a19951023d1975 em y0chiy0121 ea | |
| 101 | 0 | @achi |
| 102 | @aCN@b110000 | |
| 105 | @ay z 000yy | |
| 200 | 10 | @a钳工基本操作@Aqian gong ji ben cao zuo@h七@i测量@f杨宝福编 |
| 210 | @a北京@c内蒙古人民出版社@d1975 | |
| 215 | @a90页@d19cm | |
| 606 | @a钳工@x工艺@x方法 | |
| 690 | @aTG93@v3 | |
| 701 | 0 | @a杨宝福@Ayang bao fu@4编 |
| 801 | 2 | @aCN@bNLC@c20060926 |
| 801 | 0 | @aCN@bTSSF |
| 905 | @a10447@dTG93@e26:7 | |
| 钳工基本操作.七.测量/杨宝福编.-北京:内蒙古人民出版社,1975 |
| 90页;19cm |
| ISBN :CNY0.23 |
| ● |
| 相关链接 |
|
|
|
|
正题名:钳工基本操作
索取号:TG93/26:7
 
预约/预借
| 序号 | 登录号 | 条形码 | 馆藏地/架位号 | 状态 | 备注 |
| 1 | 0422871 | 204228718 | 密集书库/ [索取号:TG93/26:7] | 在馆 | |
| 2 | 0422872 | 204228727 | 密集书库/ [索取号:TG93/26:7] | 在馆 |